000 00478nam a22001697a 4500
003 OSt
008 260417b |||||||| |||| 00| 0 eng d
082 _a581.2
_bS11H
100 _aSaeed, Saleh Hasan Mobark
245 _aHelminthosporium Maydis Nisikado and Miyake In Relation to Different Fungitoxicant Treatments
260 _aPusa, Samastipur
_bRAU, Pusa
_c2001
300 _a58P.
502 _bMsc.
_d2001
650 _aPlant Pathology
650 _a2001
942 _2ddc
_cT
999 _c50086
_d50086